Statystyki dla Zawody

Kliknij tutaj aby rozwiązać quiz!

Ogólne statystyki

  • Ten quiz został rozwiązany 149 razy
  • Średni wynik to 17 z 20

Statystyki odpowiedzi

AtrybutZawód% Poprawnych
gaśnicastrażak
100%
kredanauczyciel
98%
pistoletpolicjant
97%
aparatfotograf
95%
komputerinformatyk
93%
fartuchkucharz
93%
piłkapiłkarz
93%
mopsprzątacz
93%
nutymuzyk
91%
płótnomalarz
89%
kombajnrolnik
89%
stetoskoplekarz
87%
butszewc
84%
cegłabudowlaniec
76%
kasa fiskalnakasjer
76%
centymetrkrawiec
75%
klucz francuskimechanik
72%
deskastolarz
59%
nożyczkifryzjer
55%
nóżrzeźnik
44%

Rozkład punktacji

Percentyl według liczby udzielonych odpowiedzi

Procent ludzi z każdym wynikiem

Twoja historia wyników

Nie rozwiązałeś tego quizu